[Event "3rd EUR-ch (w)"]
[Site "Varna BUL"]
[Date "2002.06.03"]
[Round "7.33"]
[White "Papadopoulou, Vera"]
[Black "Krivec, Jana"]
[Result "0-1"]
[WhiteElo "2170"]
[BlackElo "2271"]
[EventDate "2002.05.27"]
[PlyCount "120"]

1.d4 d5 2.c4 dxc4 3.Nf3 Nf6 4.e3 e6 5.Bxc4 c5 6.O-O a6 7.Nc3 b5 8.Bb3 Bb7 
9.Qe2 Be7 10.Rd1 Nbd7 11.Bc2 Qc7 12.e4 cxd4 13.Nxd4 O-O 14.Bg5 b4 15.Na4 
Bd6 16.Rac1 Bxh2+ 17.Kh1 Bf4 18.Bxf4 Qxf4 19.f3 Rac8 20.Qe1 Ne5 21.Bb1 
Rxc1 22.Rxc1 Nh5 23.Nc5 Bc8 24.Nd3 Nxd3 25.Bxd3 Bb7 26.Nb3 Rd8 27.Nc5 Bc8 
28.Rc2 a5 29.Qf2 g6 30.g4 Nf6 31.Kg2 h5 32.Qg3 Qxg3+ 33.Kxg3 hxg4 34.e5 
Nd7 35.Nxd7 Bxd7 36.Be4 gxf3 37.Rc5 a4 38.Rc4 Rb8 39.Kxf3 b3 40.a3 Kg7 41.
Rd4 Be8 42.Kf4 Rc8 43.Rd2 Rc4 44.Ke3 Rc1 45.Rd8 Bb5 46.Rb8 Bc6 47.Bd3 Rc5 
48.Kf4 g5+ 49.Kxg5 Rxe5+ 50.Kf4 Rd5 51.Ke3 f5 52.Rb4 Kf6 53.Bc4 Rd6 54.Rb6
Ke7 55.Rb8 e5 56.Rh8 f4+ 57.Ke2 e4 58.Rh7+ Kf6 59.Rh2 Ke5 60.Ke1 e3 0-1

[Event "3rd EUR-ch (w)"]
[Site "Varna BUL"]
[Date "2002.06.03"]
[Round "7.34"]
[White "Bosboom-Lanchava, Tea"]
[Black "Muller, Anne"]
[Result "1/2-1/2"]
[WhiteElo "2330"]
[BlackElo "2167"]
[EventDate "2002.05.27"]
[PlyCount "118"]

1.d4 Nf6 2.c4 e6 3.Nc3 Bb4 4.Bg5 h6 5.Bh4 c5 6.d5 d6 7.e3 Bxc3+ 8.bxc3 e5 
9.Bd3 e4 10.Bc2 g5 11.Bg3 Qe7 12.Rb1 Nbd7 13.h4 Rg8 14.hxg5 hxg5 15.Ne2 
Ne5 16.Bxe5 Qxe5 17.Qd2 Kd8 18.Ng3 Kc7 19.Kd1 Bd7 20.Kc1 Rh8 21.Kb2 Rxh1 
22.Rxh1 b5 23.cxb5 Bxb5 24.Bb3 Bd3 25.f4 gxf4 26.exf4 Qe8 27.c4 a5 28.Qc3 
Nd7 29.Ba4 Qb8+ 30.Bb5 Nb6 31.Kc1 Nxd5 32.Qg7 Qg8 33.Rh7 Rf8 34.cxd5 Qxg7 
35.Rxg7 Bxb5 36.Nxe4 Bc4 37.Nf6 Kd8 38.g4 Ke7 39.g5 Rh8 40.a3 Bxd5 41.f5 
Kf8 42.Rh7 Rxh7 43.Nxh7+ Ke7 44.Nf6 Bc4 45.Kd2 d5 46.Ng4 d4 47.Ne5 Bd5 48.
Kd3 Kd6 49.Ng4 Ba2 50.Nh6 Ke5 51.Kc2 Bd5 52.Kd2 c4 53.g6 fxg6 54.fxg6 Kf6 
55.g7 Kxg7 56.Nf5+ Kf6 57.Nxd4 Ke5 58.Kc3 Ke4 59.Nb5 Ke5 1/2-1/2

[Event "3rd EUR-ch (w)"]
[Site "Varna BUL"]
[Date "2002.06.03"]
[Round "7.35"]
[White "Velcheva, Maria"]
[Black "Johansson, Victoria"]
[Result "1-0"]
[WhiteElo "2327"]
[BlackElo "2189"]
[EventDate "2002.05.27"]
[PlyCount "69"]

1.e4 c5 2.Nf3 Nc6 3.Nc3 g6 4.d4 cxd4 5.Nxd4 Bg7 6.Be3 Nf6 7.Bc4 O-O 8.Bb3 
d6 9.f3 Bd7 10.Qd2 Rc8 11.O-O-O Ne5 12.Kb1 Nc4 13.Bxc4 Rxc4 14.g4 b5 15.b3
Rc8 16.Ndxb5 Qa5 17.a4 Rfe8 18.g5 Nh5 19.Nd5 Qxd2 20.Rxd2 Bxb5 21.axb5 e6 
22.Nf4 Nxf4 23.Bxf4 Rc3 24.Bxd6 Rec8 25.f4 Re3 26.e5 Re4 27.Rf1 Bf8 28.c4 
Re3 29.Kc2 f5 30.gxf6 Bh6 31.c5 Re4 32.Kd3 Rb4 33.Kc3 Rxf4 34.Rxf4 Bxf4 
35.Ra2 1-0

[Event "3rd EUR-ch (w)"]
[Site "Varna BUL"]
[Date "2002.06.03"]
[Round "7.36"]
[White "Velikhanli, Firuza"]
[Black "Bednikova, Stefi"]
[Result "0-1"]
[WhiteElo "2320"]
[BlackElo "2184"]
[EventDate "2002.05.27"]
[PlyCount "115"]

1.e4 c5 2.Nf3 d6 3.c3 Nf6 4.h3 e6 5.Bd3 Be7 6.Bc2 Qc7 7.d4 cxd4 8.cxd4 O-O
9.Nc3 a6 10.O-O b5 11.e5 Nd5 12.Nxd5 exd5 13.Bf4 dxe5 14.Nxe5 Qd8 15.Qd3 
g6 16.Qd2 Bf6 17.Rfe1 Be6 18.a4 Nd7 19.Bh6 Re8 20.f4 Qb6 21.Kh1 Rac8 22.f5
gxf5 23.Ra3 Nf8 24.Bxf8 Kxf8 25.axb5 axb5 26.Bb1 Bxe5 27.Rxe5 Rc4 28.Qh6+ 
Ke7 29.Bxf5 Qxd4 30.Rae3 Kd6 31.Bxe6 fxe6 32.Rxe6+ Rxe6 33.Qxe6+ Kc5 34.
Qe7+ Kb6 35.Qd8+ Kc5 36.Qe7+ Kb6 37.Qd6+ Ka5 38.Ra3+ Ra4 39.b4+ Qxb4 40.
Qc7+ Ka6 41.Rf3 Qd4 42.Qc6+ Ka5 43.Qa8+ Kb6 44.Qb8+ Ka5 45.Rf1 Qe4 46.Qd8+
Kb4 47.Qd6+ Kc3 48.Kh2 Kb3 49.Qg3+ Kc2 50.Rf2+ Kd1 51.Rf1+ Kc2 52.Qf2+ Kb3
53.Qg3+ Kc2 54.Rf2+ Kd1 55.Qb3+ Ke1 56.Kg1 Rc4 57.Rf1+ Ke2 58.Qxb5 0-1

[Event "3rd EUR-ch (w)"]
[Site "Varna BUL"]
[Date "2002.06.03"]
[Round "7.38"]
[White "Krupkova, Petra"]
[Black "Polushkina, Svetlana"]
[Result "1/2-1/2"]
[WhiteElo "2293"]
[BlackElo "2159"]
[EventDate "2002.05.27"]
[PlyCount "118"]

1.b3 e5 2.Bb2 Nc6 3.e3 d5 4.Bb5 Bd6 5.f4 Qh4+ 6.g3 Qe7 7.Nf3 f6 8.Nc3 Be6 
9.Qe2 a6 10.Bxc6+ bxc6 11.fxe5 fxe5 12.e4 d4 13.Na4 Nh6 14.O-O-O O-O 15.h3
c5 16.g4 Nf7 17.c4 Bd7 18.d3 Nd8 19.Rdf1 Ne6 20.Kb1 Rab8 21.Ka1 Rb7 22.Ba3
Bxa4 23.bxa4 Nf4 24.Qc2 Rfb8 25.h4 c6 26.Rb1 Qd7 27.Nh2 Rxb1+ 28.Rxb1 
Rxb1+ 29.Kxb1 h5 30.Qd1 hxg4 31.Nxg4 Nxd3 32.h5 Qb7+ 33.Ka1 Nb4 34.h6 Qf7 
35.Bxb4 cxb4 36.c5 Bxc5 37.Nxe5 Qf4 38.Nd3 Qg5 39.hxg7 Be7 40.Qc2 c5 41.
Qc4+ Kxg7 42.Qxa6 Qg1+ 43.Kb2 Qg2+ 44.Kb3 Qxe4 45.a5 Qe2 46.Qc4 Qd1+ 47.
Kb2 Qd2+ 48.Kb3 Qd1+ 49.Kb2 Qa4 50.Nxc5 Qxa5 51.Ne6+ Kg6 52.Nxd4 Qe5 53.
Qe6+ Qxe6 54.Nxe6 Kf5 55.Nd4+ Ke4 56.Nc6 Bc5 57.Kb3 Kd5 58.Nxb4+ Bxb4 59.
Kxb4 Kc6 1/2-1/2

[Event "3rd EUR-ch (w)"]
[Site "Varna BUL"]
[Date "2002.06.03"]
[Round "7.39"]
[White "Mira, Helene"]
[Black "Muzychuk, Anna"]
[Result "1/2-1/2"]
[WhiteElo "2127"]
[BlackElo "2256"]
[EventDate "2002.05.27"]
[PlyCount "141"]

1.Nf3 Nf6 2.c4 c5 3.Nc3 Nc6 4.g3 d5 5.cxd5 Nxd5 6.Nxd5 Qxd5 7.Bg2 e5 8.d3 
Be6 9.O-O Qd7 10.Ng5 Bg4 11.h3 Bf5 12.g4 Bg6 13.Be3 h5 14.Qa4 hxg4 15.hxg4
Rh4 16.Bxc6 bxc6 17.f3 f5 18.Bf2 Rh6 19.Qc4 Rb8 20.Bxc5 Bxc5+ 21.Qxc5 Rb5 
22.Qc4 Qd4+ 23.Qxd4 exd4 24.Ne6 Rxb2 25.gxf5 Bf7 26.Nxd4 Rd6 27.e3 c5 28.
Nb3 Rxd3 29.Rf2 Rxf2 30.Kxf2 c4 31.Ke2 Rd5 32.Nd4 Ra5 33.a3 Kd7 34.Kd2 Kd6
35.Kc3 Ra6 36.a4 Kc5 37.a5 Bg8 38.Ra4 Bf7 39.Ra1 Bg8 40.e4 Kd6 41.f4 Kc5 
42.Nf3 Rh6 43.Re1 Rh3 44.Re3 Rg3 45.Kd2 Kb4 46.e5 Bd5 47.Nd4 c3+ 48.Kd3 
Rxe3+ 49.Kxe3 Ka3 50.Kd3 Kb2 51.a6 Ba2 52.e6 Bd5 53.e7 Bf7 54.Nc2 Be8 55.
Ne1 Ba4 56.Kd4 c2 57.Ke5 Kc3 58.Nxc2 Kxc2 59.Ke6 Kd3 60.f6 gxf6 61.Kxf6 
Ke4 62.f5 Bd7 63.Kf7 Kxf5 64.e8=Q Bxe8+ 65.Kxe8 Ke6 66.Kf8 Kd6 67.Kf7 Kc6 
68.Ke6 Kb6 69.Kd5 Kxa6 70.Kc4 Ka5 71.Kb3 1/2-1/2

[Event "3rd EUR-ch (w)"]
[Site "Varna BUL"]
[Date "2002.06.03"]
[Round "7.40"]
[White "Andersson, Christin"]
[Black "Kaps, Darja"]
[Result "1-0"]
[WhiteElo "2119"]
[BlackElo "2251"]
[EventDate "2002.05.27"]
[PlyCount "111"]

1.e4 c5 2.c3 Nf6 3.e5 Nd5 4.d4 cxd4 5.cxd4 Nc6 6.Nf3 d6 7.Bc4 Nb6 8.Bb3 d5
9.Nc3 Bg4 10.Be3 e6 11.h3 Bxf3 12.Qxf3 Bb4 13.Qg3 Kf8 14.O-O Nc8 15.Ne2 
Qb6 16.Nf4 N8e7 17.Qf3 Ke8 18.Ba4 Qa6 19.Bc2 Ng6 20.Qg3 Nxf4 21.Qxf4 Be7 
22.Rfc1 Qb6 23.Qg4 g6 24.Qd1 h5 25.Ba4 Kf8 26.Qd2 Kg7 27.Bxc6 bxc6 28.Bg5 
Bxg5 29.Qxg5 Rhc8 30.Qf4 Rc7 31.Rc3 Qxb2 32.Rac1 Rac8 33.g4 h4 34.Qf6+ Kg8
35.Qxh4 Qxa2 36.Qf6 Qd2 37.h4 Qxd4 38.Rg3 Qb4 39.h5 Qe7 40.Qf4 g5 41.Qe3 
f6 42.exf6 Qxf6 43.Rf3 Qe7 44.Qe5 Rf8 45.Rcc3 Rf7 46.Kg2 Rc8 47.Rxf7 Kxf7 
48.Rf3+ Ke8 49.Rf6 Kd7 50.Rg6 Rf8 51.Rxg5 a5 52.Rg7 Rf7 53.h6 a4 54.Qb8 a3
55.Qa7+ Kd6 56.Rxf7 1-0

[Event "3rd EUR-ch (w)"]
[Site "Varna BUL"]
[Date "2002.06.03"]
[Round "7.41"]
[White "Shaidullina, Sandugach"]
[Black "Gerasimovich, Olga"]
[Result "0-1"]
[WhiteElo "2245"]
[BlackElo "2153"]
[EventDate "2002.05.27"]
[PlyCount "130"]

1.Nf3 Nf6 2.c4 g6 3.g3 Bg7 4.Bg2 O-O 5.O-O d6 6.d4 Nc6 7.Nc3 e5 8.d5 Ne7 
9.e4 Nd7 10.b4 a5 11.Ba3 axb4 12.Bxb4 b6 13.a4 Ba6 14.Nb5 h6 15.Ra3 f5 16.
exf5 gxf5 17.Qe2 Kh8 18.Nh4 Nc5 19.a5 e4 20.axb6 cxb6 21.Bc3 Bxb5 22.Rxa8 
Qxa8 23.Bxg7+ Kxg7 24.Qb2+ Kh7 25.Qxb5 Qa5 26.Rb1 Qxb5 27.Rxb5 Nd7 28.g4 
fxg4 29.Bxe4+ Kg7 30.Ng2 h5 31.Rb2 Ra8 32.Nf4 h4 33.Ne6+ Kf6 34.Nc7 Rc8 
35.Nb5 Rxc4 36.Re2 Nc8 37.Kg2 Ne5 38.h3 Rb4 39.Nc7 Rb3 40.hxg4 h3+ 41.Kg1 
Rc3 42.Nb5 Rc5 43.Nd4 Nxg4 44.Nc2 Ne7 45.f3 Ne5 46.f4 N5g6 47.Bxg6 Nxg6 
48.Re6+ Kf7 49.Ne3 Nxf4 50.Rxd6 Rc3 51.Kf2 b5 52.Rh6 b4 53.d6 Ke8 54.Rh4 
Nd3+ 55.Ke2 Kd7 56.Nd5 Ra3 57.Nxb4 Nxb4 58.Rxb4 Ra1 59.Rh4 h2 60.Rh7+ Kxd6
61.Rh6+ Ke7 62.Rh7+ Kf6 63.Rh6+ Kg7 64.Rxh2 Ra2+ 65.Kf3 Rxh2 0-1

[Event "3rd EUR-ch (w)"]
[Site "Varna BUL"]
[Date "2002.06.03"]
[Round "7.42"]
[White "Georgieva, Liubka"]
[Black "Lauterbach, Ingrid"]
[Result "1-0"]
[WhiteElo "2241"]
[BlackElo "2127"]
[EventDate "2002.05.27"]
[PlyCount "99"]

1.e4 c5 2.Nf3 e6 3.d3 d5 4.Qe2 Nf6 5.g3 Nc6 6.Bg2 Be7 7.O-O O-O 8.e5 Nd7 
9.c4 a6 10.Nc3 d4 11.Nb1 b5 12.b3 bxc4 13.bxc4 Rb8 14.h4 Bb7 15.Bf4 Ba8 
16.Nh2 Qb6 17.Nd2 Qb2 18.Rfd1 Nb4 19.Bxa8 Rxa8 20.a3 Na2 21.Qg4 Nc3 22.Re1
Kh8 23.Nhf1 Rab8 24.Qf3 Qb7 25.Qh5 g6 26.Qh6 Rfe8 27.Nh2 Bf8 28.Qg5 Be7 
29.Qg4 h5 30.Qh3 Kg7 31.Ndf3 Qb2 32.Bd2 Rb3 33.g4 Rh8 34.Nf1 Rxa3 35.Rxa3 
Qxa3 36.gxh5 Rxh5 37.Ng3 Rh8 38.h5 Qb2 39.Qg4 Nf8 40.Bg5 Bxg5 41.Qxg5 Qb7 
42.Qf6+ Kg8 43.Nh4 Nh7 44.Qd8+ Kg7 45.h6+ Kxh6 46.Qxh8 g5 47.Ng2 Qf3 48.
Kh2 Qxf2 49.Rf1 Qxf1 50.Nxf1 1-0

[Event "3rd EUR-ch (w)"]
[Site "Varna BUL"]
[Date "2002.06.03"]
[Round "7.43"]
[White "Kouvatsou, Maria"]
[Black "Shtereva, Slaveja"]
[Result "1/2-1/2"]
[WhiteElo "2232"]
[BlackElo "2071"]
[EventDate "2002.05.27"]
[PlyCount "90"]

1.e4 c5 2.c3 Nf6 3.e5 Nd5 4.d4 cxd4 5.cxd4 e6 6.Nc3 Nxc3 7.bxc3 Qc7 8.Bd2 
d6 9.f4 b6 10.Nf3 Bb7 11.Bd3 Nd7 12.O-O Be7 13.Qe1 O-O 14.Qg3 Rfd8 15.Qh3 
Nf8 16.Rae1 Bd5 17.exd6 Qxd6 18.f5 exf5 19.Qxf5 Bxa2 20.c4 Bf6 21.Kh1 Rac8
22.Rc1 g6 23.Qb5 Bxd4 24.Be4 Qa3 25.Bd5 Bg7 26.Ng5 Rc5 27.Qb4 Qxb4 28.
Bxf7+ Kh8 29.Bxb4 Rxg5 30.Be7 Rxg2 31.Kxg2 Rd2+ 32.Rf2 Rxf2+ 33.Kxf2 b5 
34.Rc2 Bb3 35.Rc1 a5 36.Ke2 Nd7 37.Be8 Bxc4+ 38.Rxc4 bxc4 39.Bxd7 Be5 40.
h3 Kg7 41.Bd8 h5 42.Kf3 c3 43.Ba4 Bf6 44.Bxa5 g5 45.Bc2 g4+ 1/2-1/2

[Event "3rd EUR-ch (w)"]
[Site "Varna BUL"]
[Date "2002.06.03"]
[Round "7.44"]
[White "Gjergji, Rozana"]
[Black "Kharashkina, Bairta"]
[Result "0-1"]
[WhiteElo "2029"]
[BlackElo "2193"]
[EventDate "2002.05.27"]
[PlyCount "100"]

1.e4 c5 2.f4 d5 3.exd5 Qxd5 4.Nc3 Qd8 5.Nf3 Nc6 6.Be2 Nf6 7.O-O e6 8.b3 
Be7 9.Bb2 O-O 10.Bd3 b6 11.Ne4 Bb7 12.a3 Nd4 13.Nxd4 Nxe4 14.Nf3 Bf6 15.
Bxf6 Nxf6 16.Qe2 Qd6 17.Ne5 Qd4+ 18.Kh1 Be4 19.Rae1 Bxd3 20.Qxd3 Qxd3 21.
Nxd3 Rfd8 22.f5 exf5 23.Rxf5 Re8 24.Rfe5 Kf8 25.Kg1 Rxe5 26.Rxe5 Rd8 27.h3
Nd7 28.Re3 Nb8 29.Kf2 Nc6 30.c3 Na5 31.b4 cxb4 32.axb4 Nc4 33.Rg3 Nxd2 34.
Re3 Nc4 35.Re4 Rc8 36.Rh4 h6 37.Ke2 Na3 38.Rd4 Nb5 39.Rd7 Ke8 40.Rb7 Rxc3 
41.Ne5 Rc7 42.Rxc7 Nxc7 43.Nc6 a6 44.Kd3 Kd7 45.Ne5+ Ke6 46.Nc6 f5 47.Kd4 
Kd6 48.Nd8 Ne6+ 49.Nxe6 Kxe6 50.Kc4 Ke5 0-1

[Event "3rd EUR-ch (w)"]
[Site "Varna BUL"]
[Date "2002.06.03"]
[Round "7.45"]
[White "Savova, Stefka"]
[Black "Jiretorn, Eva"]
[Result "0-1"]
[WhiteElo "2165"]
[BlackElo "2114"]
[EventDate "2002.05.27"]
[PlyCount "146"]

1.e4 c5 2.Nf3 d6 3.d4 cxd4 4.Nxd4 Nf6 5.Nc3 g6 6.g3 Bg7 7.Bg2 O-O 8.O-O 
Nc6 9.Nde2 Rb8 10.a4 a6 11.h3 b5 12.axb5 axb5 13.Kh2 b4 14.Nd5 Nd7 15.Re1 
Nc5 16.Rb1 e6 17.Ndf4 Ba6 18.b3 Qc7 19.Be3 Rfd8 20.Nc1 Na7 21.Bd4 Bxd4 22.
Qxd4 Bb7 23.Qxb4 e5 24.Nfd3 Bxe4 25.Qc4 Bxg2 26.Kxg2 Qb7+ 27.f3 Ne6 28.Qe4
Qb6 29.c3 Nb5 30.Ne2 Rdc8 31.Rbc1 Nbc7 32.Nb4 Kg7 33.h4 Ne8 34.Qd3 h5 35.
Rb1 Nc5 36.Qd2 Qb5 37.Rb2 f6 38.Nc1 Rd8 39.Nd5 Qc6 40.c4 Ne6 41.Qd3 Rd7 
42.b4 Nd4 43.Ne2 Nf5 44.Kh3 Nc7 45.Nec3 Nxd5 46.Nxd5 Rc8 47.Rc1 Ne7 48.
Nxe7 Rxe7 49.Rd2 Rd7 50.Ra2 d5 51.c5 e4 52.Qe2 Rb7 53.Rb2 Qe6+ 54.Kg2 Qe5 
55.fxe4 dxe4 56.Rb3 Qd5 57.Qe3 Qc6 58.Re1 f5 59.Qc3+ Kh7 60.Qe3 Rd8 61.Kh2
Qb5 62.Rb2 Rd3 63.Qf4 Qc4 64.Rc1 Qd4 65.Rcb1 Rf3 66.Qd2 Qe5 67.Qg2 f4 68.
Rb3 fxg3+ 69.Kh1 Qf4 70.R3b2 Qxh4+ 71.Kg1 Qf6 72.Re2 Qd4+ 73.Kh1 Rxb4 0-1

[Event "3rd EUR-ch (w)"]
[Site "Varna BUL"]
[Date "2002.06.03"]
[Round "7.46"]
[White "Milliet, Sophie"]
[Black "Karahaliou, Elia"]
[Result "1-0"]
[WhiteElo "2163"]
[BlackElo "2058"]
[EventDate "2002.05.27"]
[PlyCount "77"]

1.e4 Nf6 2.e5 Nd5 3.d4 d6 4.Nf3 g6 5.Bc4 Nb6 6.Bb3 Bg7 7.a4 a5 8.Ng5 d5 9.
f4 f6 10.Nf3 Bg4 11.O-O Bxf3 12.Qxf3 f5 13.Be3 c6 14.Nd2 e6 15.Qh3 h6 16.
Qg3 Kf7 17.c3 Bf8 18.Bd1 Be7 19.Nf3 N8d7 20.Be2 Qg8 21.b3 Qg7 22.c4 dxc4 
23.bxc4 Bb4 24.Qf2 Nc8 25.Rab1 Nb8 26.d5 Na6 27.dxe6+ Kxe6 28.Nd4+ Ke7 29.
Nc2 c5 30.Bf3 Ke8 31.Rfd1 Qe7 32.Bd5 Nb6 33.Qg3 Qg7 34.Be6 Rf8 35.Rd6 Rc8 
36.Rxb6 Rc6 37.Rxc6 bxc6 38.Rd1 Nb8 39.Nxb4 1-0

[Event "3rd EUR-ch (w)"]
[Site "Varna BUL"]
[Date "2002.06.03"]
[Round "7.47"]
[White "Smochina, Carolina"]
[Black "Topel, Zehra"]
[Result "0-1"]
[WhiteElo "2143"]
[BlackElo "2023"]
[EventDate "2002.05.27"]
[PlyCount "64"]

1.c4 f5 2.g3 Nf6 3.Bg2 g6 4.b3 Bg7 5.Bb2 d6 6.d4 O-O 7.Nd2 Nh5 8.f4 c5 9.
e3 Qc7 10.Bf3 cxd4 11.exd4 e5 12.fxe5 dxe5 13.Bxh5 gxh5 14.d5 Qf7 15.Ngf3 
f4 16.Ng5 Qg6 17.Nge4 fxg3 18.hxg3 Bg4 19.Qb1 Nd7 20.Ba3 Bh6 21.Bxf8 Rxf8 
22.Rh4 Qb6 23.Rxg4+ hxg4 24.Qd3 Qg1+ 25.Nf1 Rf3 26.Qe2 Re3 27.Qxe3 Bxe3 
28.Rd1 Nc5 29.Nf6+ Kg7 30.Nxg4 Ne4 31.Rd3 Bd2+ 32.Rxd2 Nxd2 0-1

[Event "3rd EUR-ch (w)"]
[Site "Varna BUL"]
[Date "2002.06.03"]
[Round "7.48"]
[White "Zlatanova, Emilia"]
[Black "Cavusoglu, Yildiz"]
[Result "1/2-1/2"]
[WhiteElo "2137"]
[BlackElo "2036"]
[EventDate "2002.05.27"]
[PlyCount "91"]

1.e4 e5 2.Nc3 Nf6 3.g3 Nc6 4.Bg2 Bc5 5.Nge2 d6 6.h3 Be6 7.f4 a6 8.d3 h6 9.
b3 Bd7 10.Bb2 Nd4 11.Qd2 Bc6 12.O-O-O Qd7 13.Nd5 O-O-O 14.Nxd4 exd4 15.Qf2
Bxd5 16.exd5 Qb5 17.Bxd4 Ba3+ 18.Bb2 Bxb2+ 19.Kxb2 Kb8 20.Rhe1 Rhe8 21.c4 
Qd7 22.g4 Rxe1 23.Rxe1 Re8 24.Bf3 Qd8 25.g5 hxg5 26.fxg5 Nd7 27.h4 Ne5 28.
Be4 f6 29.d4 Nd7 30.Bf5 fxg5 31.Bxd7 Qxd7 32.hxg5 Rxe1 33.Qxe1 Qg4 34.Qe3 
Qg2+ 35.Ka3 Qf1 36.Qe8+ Ka7 37.Qe7 Qc1+ 38.Ka4 Qd2 39.a3 b5+ 40.cxb5 Qxd4+
41.b4 axb5+ 42.Kxb5 Qxd5+ 43.Ka4 Qd1+ 44.Ka5 Qd5+ 45.Ka4 Qd1+ 46.Ka5 
1/2-1/2

[Event "3rd EUR-ch (w)"]
[Site "Varna BUL"]
[Date "2002.06.03"]
[Round "7.49"]
[White "Ozturk, Kubra"]
[Black "Besheva, Svetla"]
[Result "0-1"]
[WhiteElo "2017"]
[BlackElo "2125"]
[EventDate "2002.05.27"]
[PlyCount "166"]

1.d4 Nf6 2.c4 g6 3.Nc3 Bg7 4.e4 d6 5.Nf3 O-O 6.Be2 e5 7.dxe5 dxe5 8.O-O 
Qe8 9.b3 Qe7 10.Qc2 c6 11.a4 Rd8 12.Ba3 Qe8 13.Rad1 Rxd1 14.Rxd1 Nh5 15.
Qd2 Nd7 16.Bd6 Nf4 17.Bf1 Nf8 18.Ne2 Nh5 19.Qe3 Bg4 20.c5 Bxf3 21.Qxf3 Rd8
22.Nc3 Ne6 23.Bc4 Nd4 24.Qe3 Nf4 25.g3 Nfe6 26.Kg2 h5 27.Ne2 Nxe2 28.Qxe2 
Nd4 29.Qe3 Qd7 30.f4 exf4 31.Qxf4 Ne6 32.Qe3 Kh7 33.Be2 Qe8 34.e5 Bh6 35.
Qc3 Ng5 36.h4 Ne6 37.Rf1 Rd7 38.Bc4 Ng7 39.Bd3 Qe6 40.Qc4 Qe8 41.Qc2 Ne6 
42.Qe2 Kg8 43.Bc4 a6 44.Qc2 Bg7 45.Qf2 Kh7 46.Qf3 Nd8 47.Qf4 Bh6 48.Qf3 
Ne6 49.Bd3 Ng7 50.Qf6 Ne6 51.Bc4 Nd8 52.Qf3 Bg7 53.Bd3 Kg8 54.Bc4 Ne6 55.
Qe3 Kh7 56.b4 Bh6 57.Qb3 Nd8 58.Re1 Ne6 59.Rf1 Bg7 60.Bxe6 Qxe6 61.Qxe6 
fxe6 62.Rf2 Kg8 63.Kh3 Rf7 64.Rxf7 Kxf7 65.g4 hxg4+ 66.Kxg4 Bh6 67.Bc7 Bd2
68.Ba5 Bc3 69.Kf4 Kg7 70.Ke4 Kh6 71.Kd3 Bxe5 72.Bd8 Kh5 73.Kc4 Bg3 74.b5 
axb5+ 75.axb5 Bxh4 76.Bc7 Bf6 77.bxc6 bxc6 78.Kb4 Bd4 79.Bd6 g5 80.Kc4 e5 
81.Kd3 g4 82.Ke2 Kh4 83.Bf8 Kh3 0-1

[Event "3rd EUR-ch (w)"]
[Site "Varna BUL"]
[Date "2002.06.03"]
[Round "7.51"]
[White "Bratimirova, Dimitrinka"]
[Black "Doncheva, Marinela"]
[Result "0-1"]
[WhiteElo "2076"]
[BlackElo "2077"]
[EventDate "2002.05.27"]
[PlyCount "110"]

1.e4 c5 2.Nf3 d6 3.d4 cxd4 4.Nxd4 Nf6 5.Nc3 a6 6.a4 e6 7.Be2 Nc6 8.Be3 Qc7
9.O-O Be7 10.Qd2 Bd7 11.f4 Rc8 12.Nb3 Na5 13.Nxa5 Qxa5 14.Kh1 Bc6 15.Bf3 
Qb4 16.Bd4 O-O 17.Rfd1 Rfe8 18.Nb1 Qxd2 19.Nxd2 d5 20.e5 Nd7 21.Nb3 b6 22.
c3 Nc5 23.Nxc5 bxc5 24.Bf2 Rb8 25.Rd2 c4 26.Kg1 a5 27.Kf1 Rb7 28.g4 Reb8 
29.Ra2 f6 30.exf6 Bxf6 31.g5 Bd8 32.Bg4 Kf7 33.h4 g6 34.Re2 Bd7 35.Kg2 Bc7
36.Kf3 Bd8 37.Bd4 h5 38.gxh6 Bxh4 39.Ra1 Bf6 40.Bxf6 Kxf6 41.Rh1 Rh8 42.
Kg3 Bc8 43.Reh2 Rhh7 44.Bd1 Rb8 45.Kf3 d4 46.Re1 Bb7+ 47.Kg3 d3 48.Re5 Bd5
49.Bg4 Rb6 50.Bf3 Rd6 51.Bd1 Rd8 52.Kf2 Rb8 53.Bf3 Rxb2+ 54.Kg3 Rxh2 55.
Kxh2 Bxf3 0-1

[Event "3rd EUR-ch (w)"]
[Site "Varna BUL"]
[Date "2002.06.03"]
[Round "7.52"]
[White "Seps, Monika"]
[Black "Ismailova, Aytaj"]
[Result "0-1"]
[WhiteElo "2095"]
[BlackElo "2157"]
[EventDate "2002.05.27"]
[PlyCount "34"]

1.e4 c5 2.Nf3 d6 3.d4 cxd4 4.Nxd4 Nf6 5.Nc3 a6 6.Bg5 e6 7.f4 Be7 8.Qf3 Qc7
9.f5 Nc6 10.O-O-O b5 11.fxe6 fxe6 12.Bxf6 Bxf6 13.Bxb5 O-O 14.Bxc6 Bg5+ 
15.Kb1 Rxf3 16.gxf3 Rb8 17.Ba4 Qxc3 0-1

[Event "3rd EUR-ch (w)"]
[Site "Varna BUL"]
[Date "2002.06.03"]
[Round "7.53"]
[White "Lomakina, Galia"]
[Black "Gunther, Anetta"]
[Result "0-1"]
[WhiteElo "2142"]
[BlackElo "2116"]
[EventDate "2002.05.27"]
[PlyCount "86"]

1.Nf3 Nf6 2.g3 g6 3.Bg2 Bg7 4.O-O O-O 5.d3 d6 6.c4 e5 7.Nc3 Nc6 8.Rb1 a5 
9.a3 h6 10.b4 axb4 11.axb4 Be6 12.b5 Ne7 13.Qb3 Nd7 14.Ba3 f5 15.Nd2 Rb8 
16.Nd5 Nc5 17.Bxc5 dxc5 18.b6 cxb6 19.Nxe7+ Qxe7 20.Qxb6 Rfd8 21.Nb3 e4 
22.Na5 Be5 23.Qa7 Rd7 24.Nc6 bxc6 25.Rxb8+ Kh7 26.Qb6 Bxb8 27.Qxb8 exd3 
28.exd3 Rxd3 29.Bxc6 Bxc4 30.Qa8 Rd8 31.Qa1 Bxf1 32.Qxf1 Qd6 33.Ba4 Qd4 
34.Bb3 Qd3 35.Qe1 Rd7 36.Ba4 Rb7 37.Bd1 c4 38.h4 c3 39.h5 g5 40.Kh2 c2 41.
Qe6 Rg7 42.Be2 Qe4 43.Qc8 c1=Q 0-1

[Event "3rd EUR-ch (w)"]
[Site "Varna BUL"]
[Date "2002.06.04"]
[Round "8.2"]
[White "Zhukova, Natalia"]
[Black "Galliamova, Alisa"]
[Result "1/2-1/2"]
[WhiteElo "2425"]
[BlackElo "2500"]
[EventDate "2002.05.27"]
[PlyCount "55"]

1.d4 f5 2.c4 Nf6 3.Nf3 g6 4.g3 Bg7 5.Bg2 O-O 6.O-O d6 7.Nc3 c6 8.d5 e5 9.
e4 c5 10.exf5 gxf5 11.Bg5 h6 12.Bd2 Nbd7 13.Nh4 Nh7 14.f4 exf4 15.Rxf4 Ne5
16.Qc2 Ng4 17.Raf1 Qe8 18.Nb5 Ne3 19.Bxe3 Qxe3+ 20.Kh1 Rf6 21.Nc7 Rb8 22.
Ne6 Bxe6 23.dxe6 Kh8 24.Bd5 b5 25.Qxf5 Rxf5 26.Ng6+ Kg8 27.Ne7+ Kh8 28.
Ng6+ 1/2-1/2

[Event "3rd EUR-ch (w)"]
[Site "Varna BUL"]
[Date "2002.06.04"]
[Round "8.3"]
[White "Alexandrova, Olga"]
[Black "Kovalevskaya, Ekaterina"]
[Result "0-1"]
[WhiteElo "2413"]
[BlackElo "2482"]
[EventDate "2002.05.27"]
[PlyCount "111"]

1.d4 Nf6 2.c4 d6 3.Nc3 Nbd7 4.e4 e5 5.Nf3 Be7 6.Be2 O-O 7.O-O c6 8.Re1 Qe8
9.Bf1 Bd8 10.Rb1 a5 11.dxe5 dxe5 12.a3 Bc7 13.b4 axb4 14.axb4 Qe7 15.Bg5 
h6 16.Bh4 Rd8 17.Qb3 Nf8 18.Rbd1 Bg4 19.Be2 Ne6 20.Qb2 Nf4 21.Rxd8+ Rxd8 
22.Bxf6 Qxf6 23.Rd1 Ra8 24.Ne1 Nxe2+ 25.Nxe2 Be6 26.Qc3 Qh4 27.Ng3 Rd8 28.
Ra1 Qe7 29.Nf5 Bxf5 30.exf5 e4 31.Rb1 Qg5 32.Qh3 Rd2 33.Qe3 Qxe3 34.fxe3 
Re2 35.c5 Rxe3 36.b5 cxb5 37.Kf2 Rc3 38.Rxb5 Bxh2 39.Rxb7 Bg3+ 40.Ke2 Rxc5
41.Re7 Bxe1 42.Kxe1 Rxf5 43.Rxe4 h5 44.Ke2 g6 45.Ke3 Kg7 46.Ke2 g5 47.Ke3 
h4 48.Re8 f6 49.Ra8 Rf4 50.Rb8 Kg6 51.Rh8 Kf5 52.Ra8 Kg4 53.Ra2 Kg3 54.Rb2
Rf1 55.Ke4 Rf2 56.Kd4 0-1

[Event "3rd EUR-ch (w)"]
[Site "Varna BUL"]
[Date "2002.06.04"]
[Round "8.5"]
[White "Gaponenko, Inna"]
[Black "Khurtsidze, Nino"]
[Result "0-1"]
[WhiteElo "2418"]
[BlackElo "2446"]
[EventDate "2002.05.27"]
[PlyCount "95"]

1.e4 c5 2.Nf3 e6 3.d4 cxd4 4.Nxd4 a6 5.Nc3 b5 6.Bd3 Qb6 7.Nb3 Qc7 8.O-O d6
9.Qe2 Nf6 10.f4 b4 11.Nd1 Nc6 12.Nf2 Bb7 13.Bd2 Be7 14.a3 a5 15.axb4 axb4 
16.Rae1 e5 17.Bb5 O-O 18.Bxc6 Qxc6 19.Bxb4 Ba6 20.Nd3 Bxd3 21.Qxd3 Qb6+ 
22.Bc5 dxc5 23.Kh1 exf4 24.Rxf4 Rfd8 25.Qf3 Qe6 26.Rf1 Ra2 27.g4 c4 28.Nc1
Rxb2 29.g5 Nd7 30.Ne2 Bxg5 31.Rf5 Bf6 32.Nf4 Qe8 33.Nh5 Rdb8 34.Qg2 Be5 
35.Nxg7 Bxg7 36.Rg1 Qf8 37.Rg5 Rb1 38.Rxg7+ Kh8 39.Rg3 Rxg1+ 40.Qxg1 f6 
41.Qa7 Ne5 42.Kg2 Rd8 43.Qe3 Qd6 44.Kh3 Qd7+ 45.Kh4 Ng6+ 46.Kh5 Re8 47.Kh6
Re5 48.Qd2 0-1

[Event "3rd EUR-ch (w)"]
[Site "Varna BUL"]
[Date "2002.06.04"]
[Round "8.6"]
[White "Dworakowska, Joanna"]
[Black "Grabuzova, Tatiana"]
[Result "1/2-1/2"]
[WhiteElo "2445"]
[BlackElo "2388"]
[EventDate "2002.05.27"]
[PlyCount "62"]

1.e4 Nc6 2.Nf3 d6 3.d4 Nf6 4.Nc3 Bg4 5.Be3 e6 6.h3 Bh5 7.g4 Bg6 8.Nd2 d5 
9.e5 Nd7 10.f4 Nb6 11.Bb5 h5 12.g5 Qd7 13.Na4 a6 14.Nxb6 cxb6 15.Ba4 b5 
16.Bb3 Na5 17.O-O Nc4 18.Bxc4 bxc4 19.Rf2 b5 20.Nf1 Bf5 21.Kh2 g6 22.a3 
Be7 23.Ng3 Kf8 24.Bd2 a5 25.Re2 Kg7 26.Nxf5+ gxf5 27.Rg2 Kg6 28.Qe1 Qa7 
29.Be3 Qb6 30.Rg1 b4 31.a4 Rac8 1/2-1/2

[Event "3rd EUR-ch (w)"]
[Site "Varna BUL"]
[Date "2002.06.04"]
[Round "8.7"]
[White "Matveeva, Svetlana"]
[Black "Mkrtchian, Lilit"]
[Result "1/2-1/2"]
[WhiteElo "2437"]
[BlackElo "2391"]
[EventDate "2002.05.27"]
[PlyCount "149"]

1.d4 d5 2.c4 e6 3.Nc3 Be7 4.cxd5 exd5 5.Bf4 c6 6.Qc2 Bd6 7.Bg3 Ne7 8.e3 
Bf5 9.Qd2 Bxg3 10.hxg3 Nd7 11.Be2 Qc7 12.g4 Bg6 13.Nh3 O-O-O 14.Nf4 Kb8 
15.f3 h6 16.Kf2 Bh7 17.Bd3 Bxd3 18.Qxd3 Rdf8 19.Nh5 g6 20.Ng3 f5 21.gxf5 
Nxf5 22.Nxf5 Rxf5 23.Ne2 Rf6 24.Rh3 g5 25.Rah1 Qd6 26.Rh5 Rhf8 27.b3 Nb6 
28.a4 Nc8 29.Ng3 Qe6 30.e4 g4 31.e5 Rg6 32.Rf5 Rfg8 33.f4 Qe7 34.Rfh5 Qa3 
35.f5 Qb2+ 36.Ne2 g3+ 37.Kf3 Rg4 38.R1h4 Re4 39.Rxe4 dxe4+ 40.Kxe4 Ne7 41.
f6 Nd5 42.Kf3 Qa1 43.Nxg3 Qe1 44.Rh3 Qc1 45.Nh5 Nb4 46.Qe2 Nc2 47.Rh4 Ne1+
48.Ke4 Rxg2 49.Qe3 Qc2+ 50.Kf4 Rf2+ 51.Kg3 Rg2+ 52.Kf4 Rf2+ 53.Kg3 Rg2+ 
54.Kf4 Rg5 55.Qxe1 Rf5+ 56.Kg3 Rg5+ 57.Kf3 Qxb3+ 58.Qe3 Qd1+ 59.Qe2 Qg1 
60.e6 Rf5+ 61.Nf4 Rxf6 62.Qe5+ Kc8 63.Qxf6 Qd1+ 64.Ke4 Qe1+ 65.Kf5 Qb1+ 
66.Kg4 Qd1+ 67.Kg3 Qe1+ 68.Kh2 Qf2+ 69.Kh1 Qf1+ 70.Kh2 Qf2+ 71.Kh3 Qf3+ 
72.Kh2 Qf2+ 73.Kh3 Qf3+ 74.Kh2 Qf2+ 75.Kh3 1/2-1/2